[Event "IND-ch U16"]
[Site "New Delhi"]
[Date "2022.03.07"]
[Round "6"]
[White "Ruturaj, Rushikesh Dhotre"]
[Black "Aditya, Varun Gampa"]
[Result "1/2-1/2"]
[WhiteElo "1625"]
[BlackElo "1947"]
[PlyCount "66"]
[EventDate "2022.03.04"]
[EventType "swiss"]
[EventRounds "9"]
[EventCountry "IND"]
[SourceTitle "CBM 207 Extra"]
[Source "ChessBase"]
[SourceDate "2022.05.31"]
[SourceVersion "1"]
[SourceVersionDate "2022.05.31"]
[SourceQuality "1"]

1. e4 c5 2. Nf3 e6 3. d4 cxd4 4. Nxd4 Nc6 5. Nc3 Qc7 6. Ndb5 Qb8 7. Be3 Nf6 8. g3 a6 9. Nd4 b5 10. Nxc6 dxc6 11. Bg2 e5 12. 0-0 Be7 13. f4 Ng4 14. Qe2 b4 15. Nd1 Qb5 16. Qf3 0-0 17. f5 Nxe3 18. Nxe3 a5 19. b3 Ba6 20. Rfd1 Bc5 21. Bf1 Qb6 22. Kf2 Bd4 23. Rac1 Bxf1 24. Rxf1 a4 25. Ke2 axb3 26. Nc4 Qc7 27. axb3 f6 28. g4 Rfd8 29. h4 Bc3 30. g5 Rd4 31. Rcd1 Ra2 32. Rxd4 exd4 33. e5 d3+ 1/2-1/2

[Event "Mumbai Wealth op 6th"]
[Site "Mumbai"]
[Date "2022.01.06"]
[Round "8"]
[White "Krishnan, Ritvik"]
[Black "Ruturaj, Rushikesh Dhotre"]
[Result "1-0"]
[WhiteElo "1750"]
[BlackElo "1547"]
[PlyCount "63"]
[EventDate "2021.12.30"]
[EventType "swiss"]
[EventRounds "9"]
[EventCountry "IND"]
[SourceTitle "EXT 2023"]
[Source "ChessBase"]
[SourceDate "2022.10.05"]
[SourceVersion "1"]
[SourceVersionDate "2022.10.05"]
[SourceQuality "1"]

1. e4 e6 2. d3 d5 3. Nd2 Nf6 4. Ngf3 c5 5. g3 Nc6 6. Bg2 g6 7. 0-0 Bg7 8. Re1 0-0 9. c3 Rb8 10. a4 a6 11. Qc2 b5 12. exd5 exd5 13. axb5 axb5 14. Nb3 c4 15. Nbd4 Nxd4 16. Nxd4 Bd7 17. Bf4 Rb6 18. Qd2 Qc8 19. Bh6 Bf5 20. Bxg7 Kxg7 21. Qe3 Rb8 22. Ra7 Re8 23. Qd2 Bxd3 24. Ree7 Rxe7 25. Rxe7 Rb6 26. Qe3 Qg4 27. f3 Qc8 28. Nf5+ Qxf5 29. Qxb6 Qg5 30. Qe3 Qf5 31. g4 Qc8 32. g5 1-0